书目信息 |
| 题名: |
财务成本管理
|
|
| 作者: | ;财政部注册会计师考试委员会办公室 主编 | |
| 分册: | ||
| 出版信息: | 大连 东北财经大学出版社 1999 |
|
| 页数: | 638页 | |
| 开本: | 20cm | |
| 丛书名: | ||
| 单 册: | ||
| 中图分类: | F234.4 | |
| 科图分类: | ||
| 主题词: | 会计 | |
| 电子资源: | ||
| ISBN: | 7-81044-519-7 | |
| 000 | 00731nam0 2200193 450 | |
| 001 | 0655228906 | |
| 005 | 20070716100047.48 | |
| 010 | @a7-81044-519-7@dCNY24.00 | |
| 100 | @a20061011d1999 km y0chiy0120 ea | |
| 101 | 0 | @achi |
| 200 | 1 | @a财务成本管理@Acai wu cheng ben guan li@f财政部注册会计师考试委员会办公室主编@Fcai zheng bu zhu ce kuai ji shi kao shi wei yuan hui ban gong shi zhu bian |
| 210 | @a大连@c东北财经大学出版社@d1999 | |
| 215 | @a638页@d20cm | |
| 300 | @a99年度注册会计师全国统一考试指定辅导教材 | |
| 606 | 0 | @a会计 |
| 690 | @aF234.4@v3 | |
| 711 | 0 | @a财政部注册会计师考试委员会办公室@Acai zheng bu zhu ce kuai ji shi kao shi wei yuan hui ban gong shi@4主编 |
| 801 | 0 | @aCN@bPFT@c20070716 |
| 905 | @a10447@dF234.4@e207 | |
| 财务成本管理/财政部注册会计师考试委员会办公室主编.-大连:东北财经大学出版社,1999 |
| 638页;20cm |
| 99年度注册会计师全国统一考试指定辅导教材 |
| ISBN 7-81044-519-7:CNY24.00 |
| ● |
| 相关链接 |
|
|
|
|
正题名:财务成本管理
索取号:F234.4/207
 
预约/预借
| 序号 | 登录号 | 条形码 | 馆藏地/架位号 | 状态 | 备注 |
| 1 | 0501648 | 205016481 | 密集书库/ [索取号:F234.4/207] | 在馆 | |
| 2 | 0779662 | 207796624 | 密集书库/ [索取号:F234.4/207] | 在馆 |